Mapa geológico : memoria explicativa de la hoja nº 421, Barcelona memoria explicativa de la hoja nº 421, Barcelona
Publicado:
Madrid :
Instituto Geológico y Minero de España, con la colaboración de la Diputación Provincial de Barcelona ,
1928
Descripción Física:
84 p., 23 f. de làm., 4 map. pleg. ; 24 cm
Materias:
Geologia -- Barcelona (Catalunya)
MARC
| LEADER | 00000nam a2200000Ia 4500 | ||
|---|---|---|---|
| 001 | 916 | ||
| 003 | BGR | ||
| 005 | 20260324175654.0 | ||
| 008 | 160829s1928 xx 000 0 cat d | ||
| 080 | |a C-1-186 | ||
| 245 | |a Mapa geológico : |b memoria explicativa de la hoja nº 421, Barcelona | ||
| 260 | |a Madrid : |b Instituto Geológico y Minero de España, con la colaboración de la Diputación Provincial de Barcelona, |c 1928 | ||
| 300 | |a 84 p., 23 f. de làm., 4 map. pleg. ; |c 24 cm | ||
| 650 | 0 | |a Geologia |z Barcelona (Catalunya) |9 24990 | |
| 710 | 1 | |a Barcelona (Catalunya : Província). |b Diputació |9 52408 | |
| 710 | 1 | |a Instituto Geológico y Minero de España |9 71188 | |
| 901 | |a Arxiu | ||
| 942 | |n 1 |2 udc |c MON | ||
| 952 | |0 0 |1 0 |4 0 |6 C1186 |7 1 |9 47833 |a Arxiu |b Arxiu |d 2016-12-01 |l 0 |o C-1-186 |p 916 |r 2016-12-01 00:00:00 |w 2016-12-01 |y ARXIU | ||
| 999 | |c 51632 |d 51632 | ||